De sol ixent a sol ponent : obra inèdita / Josep Miracle obra inèdita / Josep Miracle
Descripción Física:
215 p. ; 23 cm
Colección:
Quaderns de l'Arxiu ; 1
MARC
| LEADER | 00000nam a2200000Ia 4500 | ||
|---|---|---|---|
| 001 | 9304 | ||
| 008 | 160829s1991 xx 000 0 cat d | ||
| 080 | |a L-1-69 | ||
| 100 | |a Miracle, Josep |9 1033 | ||
| 245 | |a De sol ixent a sol ponent : |b obra inèdita / Josep Miracle | ||
| 260 | |a Barcelona : |b Arxiu Municipal del Districte de Sants - Montjuïc, |c 1991 | ||
| 300 | |a 215 p. ; |c 23 cm | ||
| 490 | |a Quaderns de l'Arxiu ; 1 | ||
| 710 | 2 | |a Arxiu Municipal de Barcelona |9 55021 | |
| 901 | |a Arxiu | ||
| 942 | |n 1 | ||
| 952 | |0 0 |1 0 |4 0 |6 L169 |7 1 |9 45310 |a Arxiu |b Arxiu |d 2016-12-01 |l 0 |o L-1-69 |p 9304 |r 2016-12-01 00:00:00 |w 2016-12-01 |y ARXIU | ||
| 999 | |c 48384 |d 48384 | ||